Normal view
MARC view
- Warner, R. F
Entry Personal Name
001 - CONTROL NUMBER
- control field: 40539
003 - CONTROL NUMBER IDENTIFIER
- control field: NUST
005 - DATE AND TIME OF LATEST TRANSACTION
- control field: 20210314131806.0
008 - FIXED-LENGTH DATA ELEMENTS
- fixed length control field: 210314|| aca||aabn | a|a d
040 ## - CATALOGING SOURCE
- Original cataloging agency: NUST
- Transcribing agency: NUST
100 ## - HEADING--PERSONAL NAME
- Personal name: Warner, R. F
670 ## - SOURCE DATA FOUND
- Source citation: Work cat.: (NUST): Dandy, G. C. 40538, Planning and design of engineering systems /, 1989.
